1195 1210 1095 1935 1104 1301 1519 1653 1131 1630 1965 1603 1432 1124 1953 1563 1997 1700 1639 1157 1721 1185 1248 1026 1620 1952 1268 1086 1165 1872 1904 1266 1206 1993 1601 1590 1609 1562 1614 1237 1246 1819 1743 1213 1116 1025 1518 1921 1257 1571 1064 1179 1936 1531 1330 1783 1958 1089 1507 1608 1387 1643 1925 1630 1478 1039 1360 1215 1961 1846 1515 1868 1230 1172 1259 1359 1413 1552 1567 1520 1381 1587 1779 1038 1549 1031 1512 1536 1856 1479 1487 1762 1841 1239 1494 1452 1319 1618 1841 BCNSPRNW ULIB Ver.6.0+V

เปลี่ยนเป็นภาษาไทย

Change to English
 แสดงรายละเอียดบรรณานุกรม
  กลับหน้าหลัก

Brief Record : Get Marc (ISO 2709) : E-mail record : QR code < ปิดหน้าต่าง
LEADER : 00000nam 2200000uu 4500
001    13399121193
003     ULIB
008    121108s2550||||th 000 0 tha d
020    ^a9749942787
050 04 ^aLB3044.8^bพ172ก
100 0  ^aพจนา ทรัพย์สมาน
245 10 ^aการจัดการเรียนรู้โดยให้ผู้เรียนแสวงหาและค้นพบความรู้ด้วยตนเอง /^cพจนา ทรัพย์สมาน
250    ^aพิมพ์ครั้งที่ 2
260    ^aกรุงเทพฯ :^bสำนักพิมพ์แห่งจุฬาลงกรณ์มหาวิทยาลัย,^c2550
300    ^a208 หน้า ;^c26 ซม
650  7 ^aการเรียนรู้
650  7 ^aพหุปัญญา
945    ^p180^l0^i16489
995    ^aวิภา
999 ^a ทศพร
รายการนี้ยังไม่มีแท็ก
คุณยังไม่ได้ล็อกอิน คุณสามารถมีกิจกรรมร่วมกับเว็บไซต์ได้ แต่ต้องล็อกอินก่อน ::
  ล็อกอิน

รายการสื่อสารสนเทศ

ลำดับที่ ประเภท เลขเรียก/บาร์โค้ด สถานที่ สถานะ
1. วิทยาศาสตร์การแพทย์ และสุขภาพ
วิทยาศาสตร์การแพทย์ และสุขภาพ
LB3044.8 พ172ก  
  Barcode: 16489
ห้องสมุดวิทยาเขตสวรรค์ประชารักษ์
►หนังสือทั่วไป
บนชั้น

รายการใกล้เคียง
    ผู้แต่ง [พจนา ทรัพย์สมาน]

    หัวเรื่อง [การเรียนรู้]
    หัวเรื่อง [พหุปัญญา]

BibComment


ยังไม่เคยถูกคอมเมนท์

คอมเมนท์ทรัพยากรรายการนี้
  คอมเมนท์: การจัดการเรียนรู..


 Copyright 2026. Bcnsprnw @Library